000 00704nam a2200253Ia 4500
003 OSt
005 20220918164549.0
006 a|||||r|||| 00| 0
007 ta
008 220917b |||||||| |||| 00| 0 eng d
020 _a0679435867 (pbk)
024 _a42,917
037 _cTextual
040 _aARTS
_cARTS
_beng
041 _2eng
_aeng
082 _aO111:g(Y52), N6
100 _aSaid Edward W
_919444
245 0 _aRepresentations of the intellectual the 1993 Reith lectures
260 _aNew York
_bVintage Books
_c1996
300 _axix,121p.
_ccm.
650 _aENGLISH LITERATURE
942 _hO111:g(Y52), N6
_cTEXL
_2CC
999 _c125305
_d125305